[Rezension von: Klagsbald, Victor, À L'Ombre de Dieu: dix essais sur la symbolique dans I'art juif]

Saved in:  
Bibliographic Details
Main Author: Shatzmiller, Joseph (Author)
Format: Electronic Review
Language:English
Check availability: HBZ Gateway
Interlibrary Loan:Interlibrary Loan for the Fachinformationsdienste (Specialized Information Services in Germany)
Published: 1998
In: The Jewish quarterly review
Year: 1998, Volume: 88, Issue: 3/4, Pages: 356-357
Review of:À l'ombre de Dieu (Leuven : Peeters, 1997) (Shatzmiller, Joseph)
Further subjects:B Book review
Online Access: Volltext (lizenzpflichtig)
Volltext (lizenzpflichtig)

MARC

LEADER 00000caa a22000002c 4500
001 1802089020
003 DE-627
005 20240323080339.0
007 cr uuu---uuuuu
008 220517s1998 xx |||||oo 00| ||eng c
024 7 |a 10.2307/1454685  |2 doi 
035 |a (DE-627)1802089020 
035 |a (DE-599)KXP1802089020 
040 |a DE-627  |b ger  |c DE-627  |e rda 
041 |a eng 
084 |a 1  |2 ssgn 
100 1 |a Shatzmiller, Joseph  |e VerfasserIn  |4 aut 
245 1 0 |a [Rezension von: Klagsbald, Victor, À L'Ombre de Dieu: dix essais sur la symbolique dans I'art juif] 
264 1 |c 1998 
336 |a Text  |b txt  |2 rdacontent 
337 |a Computermedien  |b c  |2 rdamedia 
338 |a Online-Ressource  |b cr  |2 rdacarrier 
655 7 |a Rezension  |0 (DE-588)4049712-4  |0 (DE-627)106186019  |0 (DE-576)209083166  |2 gnd-content 
773 0 8 |i Enthalten in  |t The Jewish quarterly review  |d Philadelphia, Pa. : Penn Press, 1888  |g 88(1998), 3/4, Seite 356-357  |h Online-Ressource  |w (DE-627)369554582  |w (DE-600)2119232-7  |w (DE-576)121599566  |x 1553-0604  |7 nnas 
773 1 8 |g volume:88  |g year:1998  |g number:3/4  |g pages:356-357 
787 0 8 |i Rezension von  |a Klagsbald, Victor, 1924 - 2020  |t À l'ombre de Dieu  |d Leuven : Peeters, 1997  |h XXXI, 146 S.  |w (DE-627)1618031082  |w (DE-576)062026453  |z 9068319132  |z 287723326X 
856 4 0 |u https://doi.org/10.2307/1454685  |x Resolving-System  |z lizenzpflichtig  |3 Volltext  |7 1 
856 4 0 |u https://www.jstor.org/stable/1454685  |x Verlag  |z lizenzpflichtig  |3 Volltext  |7 1 
935 |a mteo 
951 |a AR 
ELC |a 1 
ITA |a 1  |t 1 
LOK |0 000 xxxxxcx a22 zn 4500 
LOK |0 001 413499103X 
LOK |0 003 DE-627 
LOK |0 004 1802089020 
LOK |0 005 20220517053724 
LOK |0 008 220517||||||||||||||||ger||||||| 
LOK |0 035   |a (DE-Tue135)IxTheo#2022-05-04#BDB53C60A7382C376447D19FBAEA8AD6E5564BC8 
LOK |0 040   |a DE-Tue135  |c DE-627  |d DE-Tue135 
LOK |0 092   |o n 
LOK |0 852   |a DE-Tue135 
LOK |0 852 1  |9 00 
LOK |0 935   |a ixzs  |a ixrk  |a zota 
LOK |0 939   |a 17-05-22  |b l01 
OAS |a 1  |b inherited from superior work 
ORI |a SA-MARC-ixtheoa001.raw